| 000 | 00497nam a2200133Ia 4500 | ||
|---|---|---|---|
| 008 | 260210s9999 xx 000 0 und d | ||
| 024 | _a15B-017-CS, 15B-021-CS, 15B-078-CS & 15B-084-CS | ||
| 082 | _a005.13072 AGH | ||
| 100 | _aAgha Muhammad Hassan Khan, Shaiq Ul Hassan, Saad Bin Zubair Ghazi & Taha Ali | ||
| 245 | 0 | _aAircraft inspection Using Flying Machine (CODE BOOK) | |
| 260 |
_aKarachi: _bUITU, _c2015 |
||
| 600 | _aComputer Science | ||
| 650 | _aBachelor of Computer Science (BS) | ||
| 999 |
_c32317 _d32317 |
||